| 000 | 00673nam a2200205Ia 4500 | ||
|---|---|---|---|
| 003 | GCL | ||
| 008 | 140319s9999 xx 000 0 ara d | ||
| 040 |
_aGCL / _cGCL |
||
| 082 | 0 | 4 |
_a822 _bو ه |
| 100 | 1 | _aوليامز, تينسى | |
| 245 | 1 | 0 |
_aهواية الحيوانات الزجاجية: مسرحية فى فصلين / _cوليامز, تينسى |
| 700 | 1 | _aحسين الحوت (مترجم) | |
| 700 | 1 | _aحسين الحوت | |
| 700 | 1 | _aمصطفى حبيب | |
| 300 | _a154 ص | ||
| 490 |
_aالالف كتاب _v0 |
||
| 650 | 0 | 4 | _aالمسرحيات الامريكية |
| 650 | 0 | 4 | _aالادب الامريكى - العصر الحديث |
| 942 |
_2ddc _cBK |
||
| 999 |
_c49532 _d49532 |
||